000 00289nam a22001337a 4500
008 170418b xxu||||| |||| 00| 0 eng d
020 _a9780892031702
041 _aeng
080 _a573
100 _a11
101 _aSHM
245 _aSHOULDER AND ELBOW
_cNORRIS, T.R
942 _2udc
_cBK
999 _c11046
_d11046